LEADER 00908nam0-22002891i-450- 001 990003137840403321 035 $a000313784 035 $aFED01000313784 035 $a(Aleph)000313784FED01 035 $a000313784 100 $a20000920d1988----km-y0itay50------ba 101 0 $aeng 102 $aIT 200 1 $a<>More General Measure of Risk Aversion When Utility Is State-Dependent$fDavid Kelsey, Gerald L.Nordquist. 210 $aCambridge$cDepartment of Applied Economics$dUniversity of Cambridge$d\October \\1988. 215 $a31 p.$d20 cm 676 $aM/4.3 702 1$aKelsey,$bDavid 702 1$aNordquist,$bGerald L. 801 0$aIT$bUNINA$gRICA$2UNIMARC 901 $aBK 912 $a990003137840403321 952 $aA/71 ECO$b7080$fSES 959 $aSES 996 $aMore General Measure of Risk Aversion When Utility Is State-Dependent$9457161 997 $aUNINA DB $aING01 LEADER 01440nam2-2200433---450- 001 990003026530203316 005 20071203114504.0 010 $a2-86958-076-2 035 $a000302653 035 $aUSA01000302653 035 $a(ALEPH)000302653USA01 035 $a000302653 100 $a20071203d1995----km-y0itay50------ba 101 $afre$agrc 102 $aFR 105 $a||||||||001yy 200 1 $a<<1.1>> : Inscriptions d'Epidamne-Dyrrhachion$fpar Pierre Cabanes et Faik Drini$gavec le concours de Miltiade Hatzopoulos et Olivier Masson 210 $aAthènes$cFondation D. et E. Botsaris$dc1995 215 $a175 p., [25] p. di tav.$cill.$d30 cm. 225 2 $aEtudes epigraphiques$v2 410 0$12001$aEtudes epigraphiques$v2 454 1$12001 461 1$1001000297846$12001$aInscriptions d'Épidamne-Dyrrhachion et d'Apollonia 606 0 $aIscrizioni greche$yEpiro 606 0 $aIscrizioni greche$yIlliria 676 $a481.1 700 1$aCABANES,$bPierre$0204957 701 1$aDRINI,$bFaik$0599457 702 1$aMASSON,$bOlivier 702 1$aHATZOPOULOS,$bMiltiade 801 0$aIT$bsalbc$gISBD 912 $a990003026530203316 951 $aXI.3.C. 48/1.1$b201470 L.M.$cXI.3.C.$d00162352 959 $aBK 969 $aUMA 979 $aRIVELLI$b90$c20071203$lUSA01$h1143 979 $aRIVELLI$b90$c20071203$lUSA01$h1145 996 $aInscriptions d'Epidamne-Dyrrhachion$91025565 997 $aUNISA LEADER 01056nas 2200361 c 450 001 9910895003703321 005 20260218112929.0 035 $a(CKB)3790000000122134 035 $a(DE-599)ZDB2685919-1 035 $a(DE-101)1026755409 035 $a(DE-599)2685919-1 035 $a(EXLCZ)993790000000122134 100 $a20121010a19969999 |y | 101 0 $aeng 135 $aur||||||||||| 181 $ctxt$2rdacontent 182 $cc$2rdamedia 183 $acr$2rdacarrier 200 10$aReports of cases decided by the Supreme Court of the Philippines 210 31$aManila$d1996- 215 $aOnline-Ressource 300 $aRepr.: Rochester, NY [u.a.] : The Lawyers Co-operative Publ. Co. 517 3 $aDecisions 608 $aZeitschrift$2gnd-content 608 $aEntscheidungssammlung$2gnd-content 676 $a340 801 0$b4032 801 1$bDE-101 801 2$b9999 906 $aJOURNAL 912 $a9910895003703321 996 $aReports of cases decided by the Supreme Court of the Philippines$94238106 997 $aUNINA